00345nam a2200145Ia 4500008004100000020001800041041000800059082001100067100001500078260003400093245003500127250000600162300000700168650002400175220805s9999 xx 000 0 und d a81-87853-63-8 aeng a746.52 aPrakash, K aMumbaibEnglish Editionc2003 aRajasthani Folk art from India a1 a50 aDecorative folk art